000 00790nam0a22002651 4500
001 RU\NLR\A1SV\72639
005 20251203171251.9
035 _a(NLR Aleph) 009754162
090 _a9992742
_c9992742
100 _a20060922d1922 u y0rusy50 ca
101 0 _arus
102 _aRU
200 1 _aАиломар
_eПоэма
_fПавел Далецкий
210 _aВладивосток
_cСвобод. Россия
_d1922
215 _a16 с.
_d22 см
300 _aБез тит. л.
620 _dВладивосток
700 1 _7ca
_8rus
_aДалецкий
_bП. Л.
_f1898-1963
_gПавел Леонидович
_9154863
_3RU\NLR\AUTH\770154902
801 0 _aRU
_bNLR
_c20060922
899 _aРГБ
899 _aРГБ
942 _cBOOK
980 _aNB
980 _aA1SV